02596cam a22003138a 45000010009000000050017000090080041000260100017000670200015000840200019000990400013001180420008001310500024001390820022001631000028001852450052002132500012002652600057002772630009003343000033003435040062003765201339004385200242017776500065020196530019020849420012021039990017021159520150021321643281820110325120722.0100825s2010 nyu 000 0 eng  a 2010034044 a0071663460 a9780071663465  aDLCcDLC apcc00aTK7881.4b.P63 201000a621.3893222bPOH1 aPohlmann, Ken C.92339010aPrinciples of Digital Audio /cKen C. Pohlmann. a6th ed. aNew York :bMcGraw-Hill/TAB Electronics, 2010c2010. a1111 axvi, 800 p. :bill.;c24 cm. aIncludes bibliographical references (p.737-780) and index a"Fully revised to cover the latest advances in digital audio. Offering a thorough survey of fundamentals and theory, Principles of digital audio, Sixth edition provides comprehensive coverage of today's leading digital audio technologies, including blu-ray, digital voice coding, recordable media, USB 2.0 audio, noise cancellation, room correction, media databases, streaming, and encryption. Written by well-known audio engineering expert and bestselling author Ken Pohlmann, the book has been extensively updated to reflect ongoing widespread changes in the audio industry. Chapters devoted to specific applications such as CD, DVD, and MP3 are included in this detailed guide. Principles of digital audio, sixth edition features: new chapters on blu-ray and digital voice coding. Expanded coverage of digital signal processing, discussing theory and applications. Complete update of both desktop and Internet audio. An extensive bibliography covers all digital audio topics: sound and numbers; fundamentals of digital audio; digital audio recording; error correction; optical disc storage; the compact disc; perceptual coding; DVD; blu-ray; audio interconnection; desktop audio; internet audio; digital radio and television broadcasting; digital voice coding; digital signal processing; Sigma-Delta conversion and noise shaping"-- a"This thoroughly revised bestseller covers the latest advances in digital audio, including blu-ray, digital voice coding, recordable media, USB 2.0 audio, noise cancellation, room correction, media databases, streaming, and encryption"-- 0aSoundxRecording and reproducingxDigital techniques.923391 bElecApril2011 2ddccBB c15192d15192 00102ddc40708BaccahaMAINbMAINc1STd2011-04-27epurchaseg352.00h12158l2m2o621.3893 POHp000023412r2025-07-15 00:00:00s2012-12-17yBB